[Event "Vienna State-chC"]
[Site "Vienna"]
[Date "2011.09.12"]
[Round "3"]
[White "Kaiserreiner, Stefan"]
[Black "Hetfleis, Enrico"]
[Result "1/2-1/2"]
[WhiteElo "1721"]
[BlackElo "1497"]
[PlyCount "28"]
[EventDate "2011.09.10"]
[EventType "swiss"]
[EventRounds "9"]
[EventCountry "AUT"]
[SourceTitle "EXT 2013"]
[Source "ChessBase"]
[SourceDate "2012.11.22"]
[SourceVersion "1"]
[SourceVersionDate "2012.11.22"]
[SourceQuality "1"]

1. e4 c6 2. Nc3 d5 3. Nf3 dxe4 4. Nxe4 Bf5 5. Ng3 Bg6 6. d4 Nd7 7. Bd3 Bxd3 8. Qxd3 Ngf6 9. 0-0 e6 10. Re1 Be7 11. c4 0-0 12. b3 Qc7 13. Bb2 Rad8 14. Rad1 Rfe8 1/2-1/2

[Event "Vienna State-chC"]
[Site "Vienna"]
[Date "2011.09.11"]
[Round "2"]
[White "Kuntner, Rudolf"]
[Black "Kaiserreiner, Stefan"]
[Result "1-0"]
[WhiteElo "1552"]
[BlackElo "1721"]
[PlyCount "97"]
[EventDate "2011.09.10"]
[EventType "swiss"]
[EventRounds "9"]
[EventCountry "AUT"]
[SourceTitle "EXT 2013"]
[Source "ChessBase"]
[SourceDate "2012.11.22"]
[SourceVersion "1"]
[SourceVersionDate "2012.11.22"]
[SourceQuality "1"]

1. d4 d5 2. Nf3 Nf6 3. e3 Bf5 4. c4 e6 5. a3 c5 6. Nc3 Nc6 7. dxc5 Bxc5 8. b4 Be7 9. Bb2 Rc8 10. c5 a6 11. Na4 0-0 12. Nb6 Rc7 13. Ne5 Nxe5 14. Bxe5 Rc6 15. Rc1 Nd7 16. Nxd7 Qxd7 17. Qd4 f6 18. Bg3 e5 19. Qb2 Rd8 20. Be2 d4 21. exd4 exd4 22. Rd1 Kh8 23. 0-0 Re6 24. Bd3 Bxd3 25. Rxd3 f5 26. Rfd1 Bf6 27. h3 Rde8 28. Qd2 Re2 29. Qc1 Ra2 30. Re1 Rae2 31. Rxe2 Rxe2 32. Qc4 Rb2 33. Kh2 Qe7 34. c6 bxc6 35. Qxc6 h6 36. Qc8+ Kh7 37. Qxf5+ g6 38. Qf3 Qe6 39. Qb7+ Kh8 40. Qb8+ Kh7 41. Qc7+ Kh8 42. Rf3 Kg8 43. Qf4 Kg7 44. Qc7+ Kg8 45. Qc1 Re2 46. Qxh6 Bg7 47. Qg5 Re1 48. Qd8+ Kh7 49. Rf4 1-0